000 00824nam a22001457a 4500
999 _c520141
_d520141
008 220704b ||||| |||| 00| 0 eng d
100 _aGupta, Poonam and Tyagi, Abhinav
_931827
245 _aGlobal perspective
260 _aYojana
300 _a66(3), Mar, 2022: p.37-40
520 _aIndia is the world’s sixth-largest economy. It often also boasts of being the fastest-growing large economy. However, given its per capital income level of about USD 2000 a year, it is still considered a low middle-income country. Hence, economic growth remains an utmost priority for the county. The measures announced in the budget and the direction in which they steer the nation should help India become much more competitive globally. – Reproduced
773 _aYojana
906 _aECONOMIC DEVELOPMENT
942 _cAR